000 00465nam a2200169 i 4500
001 102345
003 ES-MaACL
005 20230906183105.0
007 t|
008 051108s1978 sp ||||1| spa d
100 1 _aMeneses, Carlos.
_980339
245 1 0 _aPoesía juvenil de Jorge Luis Borges /
_cCarlos Meneses.
260 _aBarcelona :
_bOlañeta,
_c1978.
300 _a76 p. ;
_c22 cm.
500 _aGrab. retr. aut.
852 _aES-MaACL
_jA-10151
_bR.99258
999 _c102345
_d102345